00380 2200145 4500001002100000005001500021035002000036245005300056100002600109300002400135260002900159082001000188084001600198990002000214INLIS00000000000080120220708101508 a0010-07220000041 aKISAH NYAI RORO KIDUL :bDONGENG PENGANTAR TIDUR0 aYUDHISTIRA IKRANEGARA a32 :bilus ;c20 cm aSurabaya :bCV DUA MEDIA a398.2 a398.2 YUD k a3057/BBTIV/2021